000 01374nam a2200373 c 4500
999 _c160659
_d160659
003 BLK
005 20240726150457.0
008 180410b bul|||||r ||||||| ||bul||
010 _aKNG00167941000
020 _a9789542908524
040 _aBLK
041 _aBUL
_cBUL
072 7 _2bullib
_aН83
_xЧужда художествена литература Н
080 _aАнглийска литература
_b821.111
_x-31
_z821.111-31
100 1 _aФолет, Кен
_eпърви автор
_9134564
139 _aФолет, Кен
_bФ 69
245 1 0 _aКрахът на титаните
_bТрилогия ХХ век
_cКен Фолет; прев. от англ. Борис Шопов.
257 _aGBR
260 _bАртлайн Студиос
_c2013
_aСофия
300 _a952 с.
_c24 см
380 _aX
490 1 _aТрилогия ХХ век
_vКн. 1
500 _aКн. е 2. изд. ; 1. изд. 2011 в 2 ч. - Ориг. загл. Fall of Giants / Ken Follett.
653 _aромани
659 _aН
700 _aШопов, Борис
_eпрев. от англ.
_91021
852 _aЦб 271628
856 4 _qpdf
856 4 _qpdf
942 _cKNG
_n0
_033
_s1
944 _aCR
_c27.11.2014
_lЦветомила Тодорова
_k30576
944 _aED
_c07.01.2015
_lф /
_kЛюдмила_Стоянова
999 _d160659